Po dobrém, nebo po zlém

Obrie juhokórejské konglomeráty "čeboly". Nutnosť reformy.

Gespeichert in:
Bibliographische Detailangaben
1. Verfasser: Škába, Filip
Format: Buchkapitel
Sprache:Tschechisch
Schlagworte:
Tags: Tag hinzufügen
Keine Tags, Fügen Sie das erste Tag hinzu!

MARC

LEADER 00000naa$a2200000$$$4500
001 0002410
005 20231004071459.3
041 0 |a cze 
044 |a CZ 
245 1 0 |a Po dobrém, nebo po zlém  |c aut. Filip Škába 
520 |a Obrie juhokórejské konglomeráty "čeboly". Nutnosť reformy. 
610 2 0 |a konglomeráty 
610 2 0 |a firmy 
610 2 0 |a Kórea 
610 2 0 |a reformy 
610 2 0 |a spoločnosti holdingové 
100 1 |a Škába, Filip